| 000 | 00820cam a2200277 i 4500 | ||
|---|---|---|---|
| 999 |
_c200454004 _d72216 |
||
| 003 | TR-AnTOB | ||
| 005 | 20230831144945.0 | ||
| 007 | ta | ||
| 008 | 210531s2021 tu g 000 0deng u | ||
| 020 | _a978605462855 | ||
| 040 |
_aATILIM _beng _erda _cATILIM _dHKUT _dTR-AnTOB |
||
| 041 | 0 | _aeng | |
| 050 | 1 | 4 |
_aPR8753 _b.O543 2021 |
| 090 |
_aPR8753 _b.O543 2021 |
||
| 245 | 0 | 0 |
_aOne day, Sean O’Casey / _cedited by Burçin Erol. |
| 264 | 1 |
_aAnkara : _bHacettepe Universty, _c2021. |
|
| 300 |
_a97 pages ; _c23 cm |
||
| 336 |
_2rdacontent _atext _btxt |
||
| 337 |
_2rdamedia _aunmediated _bn |
||
| 338 |
_2rdacarrier _avolume _bnc |
||
| 490 | 0 |
_aIrish writers series ; _v9 |
|
| 600 | 1 | 0 |
_aO'Casey, Sean, _d1880-1964 _9142985 |
| 700 | 1 |
_aErol, Burçin _eeditor _988821 |
|
| 942 |
_2lcc _cBK |
||